19/20 Top 10 NBA Assists/Game Leaders - Statistics

General Stats
  • This quiz has been taken 13 times
  • The average score is 5 of 10
Answer Stats
Rank Player (APG) % Correct
1 LeBron James (10.6)
100%
2 Trae Young (9.3)
75%
4 Luka Doncic (8.7)
67%
5 Ben Simmons (8.2)
58%
6 Damian Lillard (7.8)
50%
3 Ricky Rubio (8.9)
50%
9 James Harden (7.4)
42%
7 Kyle Lowry (7.7)
42%
10 Malcolm Brogdon (7.1)
25%
8 Devonte' Graham (7.5)
17%
No matching quizzes found
Score Distribution
Percent of People with Each Score
Percentile by Number Answered
Your Score History
You have not taken this quiz